| 000 | 00778nam a2200241 i 4500 | ||
|---|---|---|---|
| 001 | 11749 | ||
| 003 | KOSZ 005 | ||
| 005 | 20200825115358.0 | ||
| 008 | 070711s1969 pl g 000 0 pol | ||
| 015 | _aPB 1970/6093 | ||
| 040 |
_aWA N _cKOSZ 005/RW _dKOSZ 005/RW |
||
| 080 | _a331.82 | ||
| 100 | 1 |
_aTrzeciecki, Robert. _eAutor. |
|
| 245 | 1 | 0 |
_aKsiążeczka pracownika bhp / _cRobert Trzeciecki. |
| 260 |
_aWarszawa : _bWydawnictwo Związkowe CRZZ, _c1969. |
||
| 300 |
_a62, [1] s. ; _c18 cm. |
||
| 380 | _aDruki ulotne. | ||
| 655 | 4 | _aPoradnik | |
| 650 | 4 | _aBHP | |
| 710 | 2 |
_aWydawnictwo Związkowe CRZZ _4pbl. |
|
| 856 |
_uhttp://koha.tu.koszalin.pl/cgi-bin/koha/opac-detail.pl?biblionumber=11749 _yKatalog online BPK |
||
| 942 |
_2UKD _cKS |
||
| 999 |
_c11749 _d11749 |
||